| 000 | 00918nam a2200277 i 4500 | ||
|---|---|---|---|
| 001 | 88931 | ||
| 003 | ES-MaACL | ||
| 005 | 20250905101958.0 | ||
| 007 | t| | ||
| 008 | 041228s1996 sp ||||1| spa d | ||
| 020 | _a84-8026-058-0 | ||
| 080 | _a74 Balthus (083.824) | ||
| 080 | _a75 Balthus (083.824) | ||
| 080 | _a76 Balthus (083.824) | ||
| 100 | 1 |
_aBalthus. _925131 |
|
| 245 | 1 | 0 |
_aBalthus _b: Museo Nacional Centro de Arte Reina Sofía, enero 1996 -marzo 1996. |
| 260 |
_aMadrid : _bMuseo Nacional Centro de Arte Reina Sofía, _c[1996] |
||
| 300 |
_a159 p. : _bprincipalmente il. col. ; _c28 cm. |
||
| 504 | _aBibliografía: p. 159. | ||
| 600 | 1 | 4 |
_aBalthus- _vExposiciones. _925132 |
| 655 | 7 |
_2tgfbne _9193628 _aCatálogos de exposiciones |
|
| 710 | 2 |
_aMuseo Nacional Centro de Arte Reina Sofía _9147737 |
|
| 852 |
_aES-MaACL _jE-10763 _bR.134935 |
||
| 942 | _2udc | ||
| 999 |
_c88931 _d88931 |
||